000
00297nam a22001457a 4500
008
210301b ||||| |||| 00| 0 eng d
020
_a
3303955032
041
_a
eng
080
_a
573
082
_a
573
100
_a
11
101
_a
BIO
245
_a
Our Inner Ape
_c
Waal. F
942
_2
udc
_c
BK
999
_c
55379
_d
55379